书目信息 |
| 题名: |
社会主义所有制研究
|
|
| 作者: | 刘诗白 著 | |
| 分册: | ||
| 出版信息: | 上海 上海人民出版社 1985 |
|
| 页数: | 223页 | |
| 开本: | 19cm | |
| 丛书名: | ||
| 单 册: | ||
| 中图分类: | F042.2 | |
| 科图分类: | ||
| 主题词: | 社会主义经济-所有制 , 所有制-社会主义经济 | |
| 电子资源: | ||
| ISBN: | ||
| 000 | 00682nam0 2200253 45 | |
| 001 | 0185019323 | |
| 005 | 20040421085427.2 | |
| 010 | @dCNY0.94 | |
| 091 | @a4047.561 | |
| 100 | @a19951012d1985 em y0chiy0121 ea | |
| 101 | 0 | @achi |
| 102 | @aCN@b310000 | |
| 105 | @ay z 000yy | |
| 106 | @ar | |
| 200 | 10 | @a社会主义所有制研究@Ashe hui zhu yi suo you zhi yan jiu@f刘诗白著 |
| 210 | @a上海@c上海人民出版社@d1985 | |
| 215 | @a223页@d19cm | |
| 606 | @a社会主义经济-所有制 | |
| 606 | @a所有制-社会主义经济 | |
| 690 | @aF042.2@v3 | |
| 701 | 0 | @a刘诗白@4著@Aliu shi bai |
| 801 | 0 | @aCN@b深圳图书馆@c20040421 |
| 801 | 2 | @aCN@bNLC@c20040421 |
| 905 | @f4@b169720-723@dF042.2@e67 | |
| 社会主义所有制研究/刘诗白著.-上海:上海人民出版社,1985 |
| 223页;19cm |
| ISBN :CNY0.94 |
| ● |
| 相关链接 |
|
|
|
|
正题名:社会主义所有制研究
索取号:F042.2/67
 
预约/预借
| 序号 | 登录号 | 条形码 | 馆藏地/架位号 | 状态 | 备注 |
| 1 | 0169720 | 000192641 | 密集书库/ [索取号:F042.2/67] | 在馆 | |
| 2 | 0169721 | 000192678 | 密集书库/ [索取号:F042.2/67] | 在馆 | |
| 3 | 0169722 | 000192632 | 第一借阅区/ [索取号:F042.2/67] | 在馆 | |
| 4 | 0169723 | 000192669 | 密集书库/ [索取号:F042.2/67] | 在馆 | |
| 5 | 0169724 | 000192650 | 第一样本阅览室/ [索取号:F042.2/67] | 在馆 |